LEADER 00920nam a22002651i 4500 001 991003355499707536 005 20031012083758.0 008 031111s1970 it |||||||||||||||||ita 035 $ab12415248-39ule_inst 035 $aARCHE-044853$9ExL 040 $aDip.to Lingue$bita$cA.t.i. Arché s.c.r.l. Pandora Sicilia s.r.l. 082 04$a848.8 100 1 $aBonfantini, Mario$0160531 245 10$aBaudelaire :$bcon cinque nuovi saggi /$cMario Bonfantini 250 $a4. ed. 260 $aTorino :$bGiappichelli,$c1970 300 $a222 p. ;$c23 cm 440 0$aCollana critica 600 14$aBaudelaire, Charles 907 $a.b12415248$b02-04-14$c13-11-03 912 $a991003355499707536 945 $aLE012 848.8 BAU BON$g1$i2012000164246$lle012$o-$pE0.00$q-$rl$s- $t0$u0$v0$w0$x0$y.i1283435x$z13-11-03 996 $aBaudelaire$9167271 997 $aUNISALENTO 998 $ale012$b13-11-03$cm$da $e-$fita$git $h0$i1 LEADER 03433nam0 22006013i 450 001 UAN0150846 005 20251003044417.0 010 $a8815098534 010 $a9788815098535 073 1$a9788815098535 100 $a20070503d2005 ||||0itac50 ba 101 | $aita$cger 102 $ait 181 1$6z01$ai $bxxxe 182 1$6z01$an 183 1$6z01$anc$2RDAcarrier 200 1 $aStoria della globalizzazione$edimensioni, processi, epoche$fJurgen Osterhammel, Niels P. Petersson 210 $aBologna$cIl mulino$d[2005] 215 $a141 p.$d21 cm 225 | $aUniversale paperbacks Il mulino$v491 300 $aTraduzione di Furio Ferraresi 330 $aLa globalizzazione è il concetto più impiegato per caratterizzare l'epoca in cui viviamo; essa è, per così dire, la quintessenza della contemporaneità. Ma le sue radici affondano addirittura nel Medioevo, e i processi che hanno portato alla condizione odierna sono attivi da tempo, da ben prima che il concetto di globalizzazione venisse coniato, e sono l'espansione europea, il sorgere di un'economia mondiale, la connessione dei continenti attraverso le emigrazioni di massa, l'allargamennto planetario delle relazioni internazionali, e la formazione di una cultura cosmopolita. 410 0$1001CFI0000033$12001 $aUniversale paperbacks Il mulino$v491 500 10$aGeschichte der Globalisierung.$3LO11020802$9RAVV076300$915644 606 $aEconomia mondiale$2FIR$3CFIC040544$9E 620 $aIT$dBologna$3MUSL000422 676 $a303.48$9CAUSE DEL CAMBIAMENTO SOCIALE$v12 676 $a303.48$9PROCESSI SOCIALI. Cause del cambiamento$v14 676 $a303.482$9CAUSE DEL CAMBIAMENTO SOCIALE. RELAZIONI TRA CULTURE$v21 676 $a330.9$9$v21 676 $a337$9ECONOMIA INTERNAZIONALE$v12 676 $a337$9ECONOMIA INTERNAZIONALE$v14 676 $a337$9ECONOMIA INTERNAZIONALE$v20 676 $a337$9ECONOMIA INTERNAZIONALE$v21 676 $a337.09$9ECONOMIA INTERNAZIONALE$v21 676 $a338.900904$9$v14 686 $a537.0$cMERCATO GLOBALE 1989-2001$2R 686 $aX00.1$cINTERPRETAZIONI ED ASPETTI GENERALI$2R 686 $aX1.0$cRELAZIONI INTERNAZIONALI$2R 686 $aX30.0$cSTORIA ECONOMICO-SOCIALE$2R 700 1$aOsterhammel$b, Jürgen$3RAVV076300$4070$0136282 701 1$aPetersson$b, Niels P.$3UBOV000000$4070$0301148 801 3$aIT$bIT-000000$c20070503 850 $aIT-BN0095 $aIT-SA0060 $aIT-AV0007 $aIT-NA0230 $aIT-AV0193 $aIT-NA0097 901 $bNAP ME$cAULA MAGNA$n$ 901 $bNAP 27$cSALA $n$ 901 $bNAP SP$cNF. $nNUOVO FONDO 901 $bNAP 01$cPOZZO LIB.$nVi sono collocati fondi di economia, periodici di ingegneria e scienze, periodici di economia e statistica e altri fondi comprendenti documenti di economia pervenuti in dono. 912 $aUAN0150846 950 0$aBiblioteca Centralizzata di Ateneo$c1 v. in due copie$d 01POZZO LIB.ECON MON 1913$e 0101 0000190105E VMA 1 v. (Precedente collocazione: DASES A 55)$fB $h20090831$i20090831$c1 v. in due copie$d 01POZZO LIB.ECON MON 1913$e 0101 0000199595E VMA (bis 1 v. (2. copia. - Precedente collocazione: DASES A 55 bis)$fB $h20080625$i20080625 977 $a 01$a 27$a AV$a IR$a ME$a SP 996 $aGeschichte der Globalisierung$915644 997 $aUNISANNIO